[Event "GER-chT Nord-Ost U20 U20 1112"]
[Site "Germany"]
[Date "2012.05.13"]
[Round "9"]
[White "Mueller, Alexandra"]
[Black "Lieberwirth, Benjamin"]
[Result "1-0"]
[WhiteElo "1694"]
[BlackElo "1394"]
[PlyCount "61"]
[EventDate "2011.09.24"]
[EventType "team-tourn"]
[EventRounds "9"]
[EventCountry "GER"]
[SourceTitle "EXT 2015"]
[Source "ChessBase"]
[SourceDate "2014.11.20"]
[SourceVersion "1"]
[SourceVersionDate "2014.11.20"]
[SourceQuality "1"]

1. e4 e5 2. Nf3 Nc6 3. Bc4 Bc5 4. c3 Nf6 5. d3 d5 6. exd5 Nxd5 7. Qb3 Na5 8. Qb5+ c6 9. Qxc5 b6 10. Qa3 e4 11. Nd4 Nc7 12. b4 Nxc4 13. dxc4 Be6 14. Nd2 0-0 15. 0-0 f5 16. Nxc6 Qd3 17. Re1 b5 18. Nd4 f4 19. Nxe4 Bxc4 20. Bb2 Rfe8 21. f3 Bd5 22. Rad1 Qc4 23. Nb3 Bxe4 24. Nd2 Qf7 25. Nxe4 Qg6 26. Qb3+ Kh8 27. Rd7 Ne6 28. Nd6 Nc5 29. Nf7+ Kg8 30. Rxe8+ Rxe8 31. bxc5 1-0

[Event "GER-chT Nord-Ost U20 U20 1112"]
[Site "Germany"]
[Date "2012.01.21"]
[Round "5"]
[White "Giering, Nils"]
[Black "Lieberwirth, Benjamin"]
[Result "1/2-1/2"]
[WhiteElo "1492"]
[BlackElo "1394"]
[PlyCount "52"]
[EventDate "2011.09.24"]
[EventType "team-tourn"]
[EventRounds "9"]
[EventCountry "GER"]
[SourceTitle "EXT 2015"]
[Source "ChessBase"]
[SourceDate "2014.11.20"]
[SourceVersion "1"]
[SourceVersionDate "2014.11.20"]
[SourceQuality "1"]

1. d4 d5 2. Bf4 Bf5 3. c4 Nf6 4. Nf3 e6 5. Nc3 c5 6. dxc5 Bxc5 7. cxd5 exd5 8. e3 0-0 9. Bxb8 Rxb8 10. Bd3 Bg4 11. Be2 Bb4 12. Rc1 Qa5 13. Qb3 Rbc8 14. 0-0 Bxc3 15. bxc3 Ne4 16. Rfe1 Nxc3 17. Bd3 Bxf3 18. gxf3 d4 19. exd4 Ne2+ 20. Bxe2 Qg5+ 21. Kf1 Rxc1 22. Rxc1 Qxc1+ 23. Kg2 Qg5+ 24. Kf1 Qc1+ 25. Kg2 Qg5+ 26. Kf1 Qc1+ 1/2-1/2

[Event "GER-chT Nord-Ost U20 U20 1112"]
[Site "Germany"]
[Date "2011.11.05"]
[Round "2.4"]
[White "Lieberwirth, Benjamin"]
[Black "Lehmann, Patricia"]
[Result "1-0"]
[WhiteElo "1394"]
[BlackElo "1671"]
[PlyCount "109"]
[EventDate "2011.09.24"]
[EventType "team-tourn"]
[EventRounds "9"]
[EventCountry "GER"]
[SourceTitle "EXT 2015"]
[Source "ChessBase"]
[SourceDate "2014.11.20"]
[SourceVersion "1"]
[SourceVersionDate "2014.11.20"]
[SourceQuality "1"]

1. e4 c5 2. Bc4 d6 3. Nf3 e6 4. 0-0 Nf6 5. Re1 Nc6 6. d4 cxd4 7. Nxd4 e5 8. Nf3 h6 9. Nc3 Be7 10. Be3 0-0 11. Nd5 Nxd5 12. exd5 Nb8 13. Qd2 Bg4 14. Be2 e4 15. Nd4 Bxe2 16. Rxe2 Bf6 17. c4 Re8 18. Rae1 Be5 19. Bf4 Nd7 20. Rxe4 Nf6 21. R4e2 Qc7 22. Nb5 Qxc4 23. Bxe5 Rxe5 24. Rxe5 dxe5 25. Nc3 Re8 26. h3 a6 27. d6 Nd7 28. Re4 Qc6 29. f4 Nf6 30. Rxe5 Rxe5 31. fxe5 Nd7 32. Qd4 Qc5 33. Qxc5 Nxc5 34. Na4 Nd7 35. Kf2 b5 36. Nc3 Nxe5 37. Nd5 Nd7 38. Nc7 Nc5 39. Ke3 f6 40. Kd4 Nd7 41. Nxa6 Kf7 42. Nc7 b4 43. a3 bxa3 44. bxa3 g5 45. a4 f5 46. a5 Nb8 47. a6 Nxa6 48. Nxa6 Ke6 49. d7 Kxd7 50. Ke5 Ke7 51. Kxf5 Kf7 52. Nc5 Kg7 53. Ne6+ Kf7 54. Nxg5+ hxg5 55. Kxg5 1-0